Electromagnetic distance measurement (Record no. 87552)

MARC details
000 -LEADER
fixed length control field 00626cam a2200181 4500
001 - CONTROL NUMBER
control field ##D14777
008 - FIXED-LENGTH DATA ELEMENTS--GENERAL INFORMATION
fixed length control field 090401t1967 xxu||||| |||| 00| 0 eng d
035 ## - SYSTEM CONTROL NUMBER
System control number (Sirsi) u17839
041 0# - LANGUAGE CODE
Language code of text/sound track or separate title eng
050 04 - LIBRARY OF CONGRESS CALL NUMBER
Classification number 526.9028 $2 18
110 2# - MAIN ENTRY--CORPORATE NAME
Corporate name or jurisdiction name as entry element International Association of Geodesy
9 (RLIN) 445
245 00 - TITLE STATEMENT
Title Electromagnetic distance measurement
Remainder of title a symposium held in Oxford under the auspices of Special Study Group no 19, 6-11 September 1965
260 ## - PUBLICATION, DISTRIBUTION, ETC.
Place of publication, distribution, etc. London
Name of publisher, distributor, etc. Hilger & Watts
Date of publication, distribution, etc. 1967
300 ## - PHYSICAL DESCRIPTION
Extent 452p. ill. 22cm
690 ## - LOCAL SUBJECT ADDED ENTRY--TOPICAL TERM (OCLC, RLIN)
Topical term or geographic name as entry element ENVIRONMENTAL AND LAND CONSULTANCY-GEOMATICS-MAPPING AND POSITIONING
942 ## - ADDED ENTRY ELEMENTS (KOHA)
Suppress in OPAC 0
948 ## - LOCAL PROCESSING INFORMATION (OCLC); SERIES PART DESIGNATOR (RLIN)
c (OCLC) 04/03/1997
Holdings
Withdrawn status Lost status Source of classification or shelving scheme Damaged status Not for loan Home library Current library Shelving location Date acquired Total Checkouts Full call number Barcode Date last seen Date last checked out Copy number Price effective from Koha item type
    Dewey Decimal Classification     London London Basement 14/09/1999 3 SHELF 322 30016997 06/08/2019 17/10/2006 1 06/08/2019 Book